Sčítání lidí bez domova
Bezdomovectvo a jeho negatívny dopad na spoločnosť. Prístupy k sčítaniu osôb bez domova a výsledky sčítania bezdomovcov v Českej republike v roku 2019. Počet osôb bez domova vo vybraných štátoch Európskej únie.
Gespeichert in:
| 1. Verfasser: | |
|---|---|
| Format: | Buchkapitel |
| Sprache: | Tschechisch |
| Schlagworte: | |
| Tags: |
Keine Tags, Fügen Sie das erste Tag hinzu!
|
MARC
| LEADER | 00000naa a2200000 4500 | ||
|---|---|---|---|
| 001 | 0278377 | ||
| 005 | 20210908142018.3 | ||
| 041 | 0 | |a cze | |
| 044 | |a CZ | ||
| 245 | 1 | 0 | |a Sčítání lidí bez domova |c Kristýna Janurová |
| 520 | |a Bezdomovectvo a jeho negatívny dopad na spoločnosť. Prístupy k sčítaniu osôb bez domova a výsledky sčítania bezdomovcov v Českej republike v roku 2019. Počet osôb bez domova vo vybraných štátoch Európskej únie. | ||
| 610 | 2 | 0 | |a ľudia bez domova |
| 610 | 2 | 0 | |a sčítanie ľudu |
| 610 | 2 | 0 | |a politika sociálna |
| 610 | 2 | 0 | |a Česko |
| 610 | 2 | 0 | |a Európska únia |
| 100 | 1 | |a Janurová, Kristýna | |